| 000 | 00670nam a2200205Ia 4500 | ||
|---|---|---|---|
| 001 | 15508 | ||
| 003 | GE_BSU | ||
| 008 | 181216s||||||||xx |||||||||||||| ||und|| | ||
| 040 | _cGE_BSU | ||
| 080 | _a821.353.1.09 | ||
| 100 | _aჩიქოვანი,სიმონ | ||
| 245 | _aრჩეული წერილები | ||
| 245 | _cრედ.შძიძიგური. მხატვ.ლ.გრიგოლია | ||
| 260 | _aთბილისი | ||
| 260 | _bლიტერატურა და ხელოვნება | ||
| 260 | _c1963 | ||
| 300 | _a540გვ.20სმ. | ||
| 653 | _aრჩეული წერილები | ||
| 942 | _cBK | ||
| 999 |
_c48608 _d48608 |
||